000
00320nam a2200121Ia 4500
008
220204s9999 xx 000 0 und d
082
_a
621.38(083.4)
_b
HER
245
0
_a
Handbook of electronic tables and formulas
260
_a
Bombay
_b
Taraporevala
_c
1976
700
_a
Meachem, Donald
700
_a
Stanley
942
_c
BK
999
_c
29476
_d
29476